| 000 | 00406nam a22001457a 4500 | ||
|---|---|---|---|
| 999 |
_c7718 _d7718 |
||
| 003 | GBCCL | ||
| 005 | 20241126110635.0 | ||
| 008 | 180913b ||||| |||| 00| 0 eng d | ||
| 040 | _cgbc | ||
| 082 |
_aSOU MAX _b2017 |
||
| 245 |
_aMaximizing the child's potential: _bLiving hope school 10 years anniversary souvenir |
||
| 260 |
_aNongtham : _bLiving hope school, _c2017 |
||
| 300 | _a50p. ; | ||
| 942 |
_2ddc _cARCH |
||